Our chemical environment, (Record no. 9998)
[ view plain ]
| 000 -LEADER | |
|---|---|
| fixed length control field | 00871cam a2200289 4500 |
| 001 - CONTROL NUMBER | |
| control field | 9998 |
| 003 - CONTROL NUMBER IDENTIFIER | |
| rucl marc code | BD-RjUL |
| 005 - DATE AND TIME OF LATEST TRANSACTION | |
| control field | 20211208234857.0 |
| 008 - FIXED-LENGTH DATA ELEMENTS--GENERAL INFORMATION | |
| fixed length control field | 140122s1972 caua b 000 0 eng |
| 020 ## - INTERNATIONAL STANDARD BOOK NUMBER | |
| International Standard Book Number | 0063827913 |
| 035 ## - SYSTEM CONTROL NUMBER | |
| System control number | (BD-RjUL)10045 |
| 040 ## - CATALOGING SOURCE | |
| Original cataloging agency | DLC |
| Transcribing agency | DLC |
| Modifying agency | DLC |
| -- | BD-RjUL |
| Language of cataloging | eng |
| 041 ## - LANGUAGE CODE | |
| Language code of text/sound track or separate title | eng |
| 082 00 - DEWEY DECIMAL CLASSIFICATION NUMBER | |
| Classification number | 628.508 |
| Author mark and year | OUR |
| 100 1# - MAIN ENTRY--PERSONAL NAME | |
| Personal name | Giddings, J. Calvin |
| Fuller form of name | (John Calvin), |
| Dates associated with a name | 1930- |
| 9 (RLIN) | 30872 |
| 245 10 - TITLE STATEMENT | |
| Title | Our chemical environment, |
| Statement of responsibility, etc. | edited by J. Calvin Giddings [and] Manus B. Monroe. |
| 260 ## - PUBLICATION, DISTRIBUTION, ETC. (IMPRINT) | |
| Place of publication, distribution, etc. | San Francisco : |
| Name of publisher, distributor, etc. | Canfield Press ; |
| Date of publication, distribution, etc. | C1972. |
| 300 ## - PHYSICAL DESCRIPTION | |
| Pagination | xiii, 367 p. : |
| Illustrations | illus. ; |
| Size | 26 cm. |
| 350 ## - PRICE (NR) (BK AM CF MU VM SE) [OBSOLETE] | |
| Price | $4.95 |
| 504 ## - BIBLIOGRAPHY, ETC. NOTE | |
| Bibliography, etc | Includes bibliographical references. |
| 650 #0 - SUBJECT ADDED ENTRY--TOPICAL TERM | |
| Topical term or geographic name as entry element | Pollution. |
| 9 (RLIN) | 10985 |
| Topical term or geographic name as entry element | Human ecology. |
| 9 (RLIN) | 30873 |
| 700 1# - ADDED ENTRY--PERSONAL NAME | |
| Personal name | Monroe, Manus B., |
| Relator term | joint comp. |
| 942 ## - ADDED ENTRY ELEMENTS (KOHA) | |
| Source of classification or shelving scheme | Dewey Decimal Classification |
| Koha item type | Books |
| Lost status | Source of classification or shelving scheme | Damaged status | Not for loan | Collection code | Permanent Location | Current Location | Shelving location | Date acquired | Source of acquisition | Cost, normal purchase price | Total Checkouts | Full call number | Date last seen | Copy number | Koha item type |
|---|---|---|---|---|---|---|---|---|---|---|---|---|---|---|---|
| Dewey Decimal Classification | Non-fiction | Central Library, University of Rajshahi | Central Library, University of Rajshahi | 26/11/1992 | Asia Foundation | 0.00 | 628.508 OUR | 22/01/2014 | C-3 | Books | |||||
| Dewey Decimal Classification | Non-fiction | Central Library, University of Rajshahi | Central Library, University of Rajshahi | 26/10/1992 | Asia Foundation | 628.508 OUR 1972 | 27/01/2014 | C-2 | Books | ||||||
| Dewey Decimal Classification | Not For Loan | Non-fiction | Central Library, University of Rajshahi | Central Library, University of Rajshahi | Reading Room | 26/11/1992 | gift | 628.508 OUR 1972 | 14/05/2017 | C-1 | Books | ||||
| Dewey Decimal Classification | Non-fiction | Central Library, University of Rajshahi | Central Library, University of Rajshahi | 26/10/1992 | gift | 628.508 OUR 1972 | 23/05/2017 | C-4 | Books |